[Event "Rewal op-B 18th"]
[Site "Rewal"]
[Date "2013.08.28"]
[Round "8"]
[White "Czepczynski, Boguslaw"]
[Black "Kwasniewski, Pawel"]
[Result "1-0"]
[WhiteElo "1890"]
[BlackElo "1536"]
[PlyCount "49"]
[EventDate "2013.08.20"]
[EventType "swiss"]
[EventRounds "9"]
[EventCountry "POL"]
[SourceTitle "CBM 156 Extra"]
[Source "ChessBase"]
[SourceDate "2013.10.22"]
[SourceVersion "1"]
[SourceVersionDate "2013.10.22"]
[SourceQuality "1"]

1. c4 c6 2. Nc3 d5 3. cxd5 Nf6 4. dxc6 Nxc6 5. Nf3 Bg4 6. Qa4 Qd7 7. d3 e5 8. Bg5 Nd5 9. Nxe5 Nxc3 10. Qxg4 Nxe5 11. Qxd7+ Kxd7 12. bxc3 Ba3 13. Rb1 b6 14. g3 Rae8 15. Bh3+ Kc6 16. 0-0 f6 17. Be3 g5 18. Rb3 Bd6 19. a4 Nd7 20. Bg2+ Kc7 21. a5 Nc5 22. axb6+ axb6 23. Rb5 Na4 24. Rfb1 Nxc3 25. Rc1 1-0

[Event "Rewal op-B 18th"]
[Site "Rewal"]
[Date "2013.08.21"]
[Round "2"]
[White "Drela, Michal"]
[Black "Czepczynski, Boguslaw"]
[Result "1-0"]
[WhiteElo "1643"]
[BlackElo "1890"]
[PlyCount "127"]
[EventDate "2013.08.20"]
[EventType "swiss"]
[EventRounds "9"]
[EventCountry "POL"]
[SourceTitle "CBM 156 Extra"]
[Source "ChessBase"]
[SourceDate "2013.10.22"]
[SourceVersion "1"]
[SourceVersionDate "2013.10.22"]
[SourceQuality "1"]

1. d4 g6 2. c4 Bg7 3. Nc3 d6 4. e4 Nf6 5. f3 0-0 6. Be3 e5 7. d5 c5 8. a3 a6 9. b4 b6 10. Nge2 Nh5 11. g4 Nf4 12. h4 f5 13. g5 Ra7 14. Qd2 fxe4 15. Nxe4 Raf7 16. Rb1 Bf5 17. N2g3 Qc7 18. b5 Nd7 19. a4 Ra8 20. Qb2 a5 21. Qd2 Raf8 22. Rb3 Re8 23. Bf2 Nf8 24. Re3 Nh5 25. Nxh5 gxh5 26. Be2 Ng6 27. Bg3 Ref8 28. 0-0 Bh3 29. Rf2 Nf4 30. Bd1 Bc8 31. Rh2 Qd8 32. Bc2 Ng6 33. Qe2 Nf4 34. Qd2 Bf5 35. Bd1 Bg6 36. Re1 h6 37. Bxf4 Rxf4 38. gxh6 Bxh6 39. Rg2 Kh7 40. Qd3 Qxh4 41. Re3 Bf5 42. Bc2 Kh8 43. Qc3 Rxe4 44. Bxe4 Bxe3+ 45. Qxe3 Qf4 46. Qxf4 exf4 47. Bxf5 Rxf5 48. Rg6 h4 49. Rxd6 Rg5+ 50. Kh2 Kg7 51. Rxb6 Rg3 52. Re6 Rxf3 53. d6 Rd3 54. b6 Kf7 55. b7 Kxe6 56. b8Q Rxd6 57. Qc8+ Ke7 58. Qxc5 Ke6 59. Qh5 Rd2+ 60. Kh3 Ra2 61. Qd5+ Kf6 62. Qxa5 f3 63. Qb6+ Ke5 64. Qe3+ 1-0